| 000 | 01261nam a2200277 a 4500 | ||
|---|---|---|---|
| 001 | 000026506 | ||
| 003 | DO-SdBNP | ||
| 005 | 20260527074041.0 | ||
| 008 | 110322s1999 dr c 000 0 spa d | ||
| 020 | _a9993435007 | ||
| 040 |
_aDO-SdBNP _bspa _cBNPHU |
||
| 082 | 4 |
_a324.27293 _bC977r _222 |
|
| 111 | 1 |
_aCurso de Capacitación para Jóvenes Líderes de Partidos Políticos de la República Dominicana _n(1 : _d1999 marzo 24-28 : _cSanto Domingo) _953581 |
|
| 245 | 1 | 0 |
_aRenovar la política: _bmemorias del Primer Curso de Capacitación para Jóvenes Líderes de Partidos Políticos de la República Dominicana. |
| 260 |
_aSanto Domingo : _bComisión Presidencial para la Reforma y Modernización del Estado, _c1999. |
||
| 300 |
_a180 p. : _bil., retr. ; _c24 cm. |
||
| 490 | _aReforma Política | ||
| 490 |
_aSeminarios; _v1 |
||
| 500 | _aIncluye referencias bibliográficas y notas al pie de las páginas | ||
| 590 | _aInventariado, 2021 / DG | ||
| 650 | 4 |
_aJuventud _979096 _xActividad política _vCongresos, conferencias, etc. |
|
| 650 | 0 |
_aPartidos políticos _zRepública Dominicana _vCongresos, conferencias, etc. _9285 |
|
| 830 |
_aReforma política _945944 _pSeminarios; _n1 |
||
| 910 | _aDG/Validado. Control de calidad MFF | ||
| 942 |
_2ddc _cLBS1 |
||
| 999 |
_c25998 _d25998 |
||